000
00324nam a2200133Ia 4500
008
231129s1968||||xx |||||||||||||| ||spa||
040
_b
spa
082
_a
920 R621i
100
_a
Rivera y Garrido Luciano
245
0
_a
Impresiones y recuerdos
260
_c
1968
264
_a
Cali Colombia : Carvajal
942
_2
ddc
_c
BKS
999
_c
15616
_d
15616